| 000 | 00000nam 2200000za 4500 |
| 001 | 9.801473 |
| 003 | CaOODSP |
| 005 | 20221107134815 |
| 007 | cr ||||||||||| |
| 008 | 160808s2015 onc o f000 0 eng d |
| 020 | |a978-0-660-02642-8 |
| 040 | |aCaOODSP|beng |
| 043 | |an-cn--- |
| 086 | 1 |aH14-149/2015E-PDF |
| 110 | 1 |aCanada. |bHealth Canada. |
| 245 | 10|aRegulatory transparency and openness framework and action plan, 2015-2018 |h[electronic resource]. |
| 260 | |a[Ottawa] : |bHealth Canada, |cc2015. |
| 300 | |a[6] p. (un-numbered pages) |
| 500 | |aIssued also in French under title: Cadre et plan d'action réglementaire de transparence et d'ouverture, 2015-2018. |
| 530 | |aIssued also in printed form. |
| 692 | 07|2gccst|aFederal departments |
| 692 | 07|2gccst|aOpen government |
| 692 | 07|2gccst|aPlanning |
| 775 | 08|tCadre et plan d'action réglementaire de transparence et d'ouverture, 2015-2018 |w(CaOODSP)9.801474 |
| 776 | 0#|tRegulatory transparency and openness framework and action plan, 2015-2018 |w(CaOODSP)9.801470 |
| 856 | 40|qPDF|s3.20 MB|uhttps://publications.gc.ca/collections/collection_2016/sc-hc/H14-149-2015-eng.pdf |
| 986 | |a150002 |